[Event "CZE-chT2E 1011"]
[Site "Czech Republic"]
[Date "2011.04.10"]
[Round "11.5"]
[White "Ploch, Petr"]
[Black "Krizek, Frantisek"]
[Result "1/2-1/2"]
[WhiteElo "1821"]
[BlackElo "2018"]
[PlyCount "42"]
[EventDate "2010.10.17"]
[EventType "team-tourn"]
[EventRounds "11"]
[EventCountry "CZE"]
[SourceTitle "EXT 2012"]
[Source "ChessBase"]
[SourceDate "2011.11.24"]
[SourceVersion "1"]
[SourceVersionDate "2011.11.24"]
[SourceQuality "1"]
[WhiteTeam "Holesov"]
[BlackTeam "Borsice"]
[WhiteTeamCountry "CZE"]
[BlackTeamCountry "CZE"]

1. d4 c5 2. d5 e5 3. e4 d6 4. c4 Ne7 5. Nf3 Ng6 6. Bd3 Bg4 7. 0-0 Be7 8. h3 Bxf3 9. Qxf3 Bg5 10. Bxg5 Qxg5 11. Nc3 a6 12. Rfd1 Nd7 13. b3 0-0 14. Qg3 Qxg3 15. fxg3 Ne7 16. Na4 Rfb8 17. Rdb1 b5 18. Nc3 b4 19. Na4 Nc8 20. Be2 Ncb6 21. Nxb6 Nxb6 1/2-1/2

[Event "CZE-chT2E 1011"]
[Site "Czech Republic"]
[Date "2010.10.17"]
[Round "1.6"]
[White "Ploch, Petr"]
[Black "Studeny, Radovan"]
[Result "0-1"]
[WhiteElo "1821"]
[BlackElo "2095"]
[PlyCount "92"]
[EventDate "2010.10.17"]
[EventType "team-tourn"]
[EventRounds "11"]
[EventCountry "CZE"]
[SourceTitle "EXT 2012"]
[Source "ChessBase"]
[SourceDate "2011.11.24"]
[SourceVersion "1"]
[SourceVersionDate "2011.11.24"]
[SourceQuality "1"]
[WhiteTeam "Holesov"]
[BlackTeam "Stare Mesto II"]
[WhiteTeamCountry "CZE"]
[BlackTeamCountry "CZE"]

1. b3 e5 2. Bb2 Nc6 3. e3 a6 4. d4 exd4 5. exd4 Qf6 6. Nf3 d5 7. Be2 Bd6 8. c4 Nge7 9. g3 Bh3 10. c5 Bxc5 11. dxc5 Qxb2 12. Nbd2 Nb4 13. Rc1 Bg2 14. Rg1 Bxf3 15. Nxf3 Nxa2 16. Rc2 Qxb3 17. Nd2 Qa4 18. Rb2 Qxd1+ 19. Bxd1 Nc3 20. Rxb7 Nxd1 21. Kxd1 Kd7 22. Re1 Rhe8 23. Rb2 Nc6 24. Nf3 Rxe1+ 25. Kxe1 f6 26. Rd2 Ne7 27. Nd4 a5 28. Kd1 a4 29. Kc1 Ra5 30. Rc2 Nc6 31. Nf5 g6 32. Ne3 Nd4 33. Ra2 Rxc5+ 34. Kb2 Ra5 35. Kc3 Nc6 36. Nd1 Kd6 37. Nb2 a3 38. Nd3 Ne5 39. Kb4 Ra8 40. Ne1 c5+ 41. Kc3 d4+ 42. Kb3 c4+ 43. Kb4 Kd5 44. f4 Nc6+ 45. Kb5 Rb8+ 46. Ka6 Nb4+ 0-1

[Event "CZE-chT2E 0809"]
[Site "Czech Republic"]
[Date "2009.01.25"]
[Round "7.7"]
[White "Fiala, Vlastimil"]
[Black "Ploch, Petr"]
[Result "1/2-1/2"]
[WhiteElo "1997"]
[BlackElo "1789"]
[PlyCount "50"]
[EventDate "2008.10.12"]
[EventType "team-tourn"]
[EventRounds "11"]
[EventCountry "CZE"]
[SourceTitle "EXT 2010"]
[Source "ChessBase"]
[SourceDate "2010.11.25"]
[SourceVersion "1"]
[SourceVersionDate "2010.11.25"]
[SourceQuality "1"]
[WhiteTeam "Olomouc"]
[BlackTeam "Holesov"]
[WhiteTeamCountry "CZE"]
[BlackTeamCountry "CZE"]

1. e4 c6 2. c4 d5 3. cxd5 cxd5 4. exd5 Qxd5 5. Nc3 Qa5 6. d4 e6 7. Bc4 Nf6 8. Qe2 Bb4 9. Bd2 0-0 10. Nf3 a6 11. 0-0 b5 12. Bb3 Bb7 13. a3 Bxc3 14. Bxc3 Qb6 15. Bb4 Rc8 16. Rac1 Nbd7 17. Ne5 Nxe5 18. dxe5 Nd5 19. Bd2 Qd4 20. Bxd5 Bxd5 21. Bc3 Qh4 22. Rfd1 Rc4 23. f3 Rac8 24. Be1 Qf4 25. Rxc4 Qxc4 1/2-1/2

[Event "CZE-chT2E 0809"]
[Site "Czech Republic"]
[Date "2008.10.12"]
[Round "1.6"]
[White "Ploch, Petr"]
[Black "Veznik, Petr"]
[Result "0-1"]
[WhiteElo "1789"]
[BlackElo "1969"]
[PlyCount "70"]
[EventDate "2008.10.12"]
[EventType "team-tourn"]
[EventRounds "11"]
[EventCountry "CZE"]
[SourceTitle "EXT 2010"]
[Source "ChessBase"]
[SourceDate "2010.11.25"]
[SourceVersion "1"]
[SourceVersionDate "2010.11.25"]
[SourceQuality "1"]
[WhiteTeam "Holesov"]
[BlackTeam "Postorna"]
[WhiteTeamCountry "CZE"]
[BlackTeamCountry "CZE"]

1. e4 c5 2. f4 Nc6 3. Nf3 g6 4. Bc4 e6 5. 0-0 Bg7 6. Nc3 a6 7. a4 Nge7 8. e5 Nf5 9. g4 Nfd4 10. Ne4 0-0 11. g5 Nf5 12. Nf6+ Kh8 13. c3 d5 14. Bd3 Nce7 15. Qe1 d4 16. Bxf5 Nxf5 17. Nh4 Bxf6 18. exf6 h5 19. Nxf5 exf5 20. b4 Re8 21. Qf2 b6 22. Ba3 Bb7 23. h4 Qd5 24. Kh2 Re4 25. Rae1 Rae8 26. Rxe4 Rxe4 27. Qf3 d3 28. Rf2 c4 29. Kg3 b5 30. a5 Qe6 31. Bb2 Bc6 32. Qg2 Re1 33. Rf3 Bxf3 34. Qxf3 Rg1+ 35. Kf2 Qe1# 0-1